Southville International School and Colleges
Your cart is empty.
  • Cart
  • Lists
    Public lists Eva Luna New books Lux_list list_1
    Your lists Log in to create your own lists
  • Log in to your account
  • Your cookies
  • Search history
Southville International School and Colleges
  • Advanced search
  • Recent comments
  • Most popular
  • Libraries

Log in to your account

Log in with GOOGLE


If you do not have an external account, but do have a local account, you can still log in:

  1. Home
  2. MARC view: Mathematical studies standard level /
Normal view MARC view ISBD view

Mathematical studies standard level / (Record no. 10567)

[ view plain ]
MARC details
000 -LEADER
fixed length control field 00542nam a22001937a 4500
003 - CONTROL NUMBER IDENTIFIER
control field OSt
005 - DATE AND TIME OF LATEST TRANSACTION
control field 20151201153110.0
008 - FIXED-LENGTH DATA ELEMENTS--GENERAL INFORMATION
fixed length control field 130907t xxu||||| |||| 00| 0 eng d
020 ## - INTERNATIONAL STANDARD BOOK NUMBER
International Standard Book Number 1876659238
050 ## - LIBRARY OF CONGRESS CALL NUMBER
Classification number QA 42
Item number .M426 2005
100 ## - MAIN ENTRY--PERSONAL NAME
Personal name Cirrito, Fabio
245 ## - TITLE STATEMENT
Title Mathematical studies standard level /
Statement of responsibility, etc Series editor Fabio Cirrito
250 ## - EDITION STATEMENT
Edition statement 3rd ed.
260 ## - PUBLICATION, DISTRIBUTION, ETC. (IMPRINT)
Place of publication, distribution, etc Australia :
Name of publisher, distributor, etc IBID Press,
Date of publication, distribution, etc c2005.
300 ## - PHYSICAL DESCRIPTION
Extent 738 p.
Dimensions 23 cm.
650 ## - SUBJECT ADDED ENTRY--TOPICAL TERM
Topical term or geographic name as entry element Mathematics
General subdivision International Baccalaureate
9 (RLIN) 20222
942 ## - ADDED ENTRY ELEMENTS (KOHA)
Source of classification or shelving scheme Library of Congress Classification
Koha item type Books
Holdings
Withdrawn status Lost status Source of classification or shelving scheme Damaged status Home library Current library Shelving location Date acquired Total Checkouts Full call number Barcode Date last seen Date checked out Copy number Price effective from Koha item type
    Library of Congress Classification   Luxembourg Library Luxembourg Library International Baccalaureate Section 09/07/2013 1 QA 42 .M426 2005 14673 05/05/2014 04/02/2014 1 09/07/2013 Books

Mathematical studies standard level /

APA

Cirrito F., . (2005). Mathematical studies standard level. Australia: IBID Press.

Chicago

Cirrito Fabio, . 2005. Mathematical studies standard level. Australia: IBID Press.

Harvard

Cirrito F., . (2005). Mathematical studies standard level. Australia: IBID Press.

MLA

Cirrito Fabio, . Mathematical studies standard level. Australia: IBID Press. 2005.

  • Place hold
  • Print
  • Cite
  • Add to your cart (remove)
  • Save record
    BIBTEX Dublin Core MARCXML MARC (non-Unicode/MARC-8) MARC (Unicode/UTF-8) MARC (Unicode/UTF-8, Standard) MODS (XML) RIS
  • More searches
    Search for this title in:
    Other Libraries (WorldCat) Other Databases (Google Scholar) Online Stores (Bookfinder.com) Open Library (openlibrary.org)

Exporting to Dublin Core...

SOUTHVILLE LIBRARY

Southville International School and Colleges Library

1281 Tropical Ave. Cor. Luxembourg St., BF Homes International, Las Pinas City

Tel. No. 8256374 / 252358 Loc. 117/146

Powered by Koha